MARC

LEADER 00000nam0a2200000 4500
001 371358
005 20231102012354.0
035 |a (RuTPU)RU\TPU\retro\28768 
090 |a 371358 
100 |a 20221013d1982 m y0rusy50 ca 
101 0 |a rus 
102 |a RU 
105 |a y z 000ay 
200 1 |a Царь-рыба: повествование в рассказах  |f В. П. Астафьев 
210 |a Москва  |c Современник  |d 1982 
215 |a 384 с. 
606 1 |a Русская литература современная  |2 stltpush  |3 (RuTPU)RU\TPU\subj\26373  |9 50316 
610 1 |a художественная литература 
610 1 |a советская литература 
610 1 |a повести 
610 1 |a рассказы 
675 |a Р2  |v 4 
700 1 |a Астафьев  |b В. П.  |c русский писатель  |f 1924-2001  |g Виктор Петрович  |2 stltpush  |3 (RuTPU)RU\TPU\pers\8221  |4 070  |9 1618 
801 1 |a RU  |b 63413507  |c 20221013 
801 2 |a RU  |b 63413507  |c 20230110  |g RCR 
942 |c BK